00610nam a2200181 a 450000500170000000800410001702000180005805000270007610000220010324500880012526000420021330000290025552100080028465000370029265000460032970000230037570000300039820140310183511.0101012s19uu xx 00 eng d a9780230616394 aRJ 506.A9 b.B835 2010 aBuckley, Julie A. aHealing our autistic children:ba medical plan for restoring your child's health. / aNew York :bPalgraveMacmillan,c2010. a238 p. :bill. ;c22 cm. aNUR aAutism in children-diet therapy. aAutism in children-Alternative treatment. awith Lynn vannucci aforword by Jenny McCarthy